ბათუმის შოთა რუსთაველის სახელმწიფო უნივერსიტეტის ბიბლიოთეკა

პრევენციული მედიცინა (ბიბ.ჩანაწერი № 34759)

000 -LEADER
fixed length control field 00941nam a2200229Ia 4500
001 - CONTROL NUMBER
control field 557
003 - CONTROL NUMBER IDENTIFIER
control field GE_BSU
008 - FIXED-LENGTH DATA ELEMENTS--GENERAL INFORMATION
fixed length control field 181216s||||||||xx |||||||||||||| ||und||
040 ## - CATALOGING SOURCE
Transcribing agency GE_BSU
080 ## - UNIVERSAL DECIMAL CLASSIFICATION NUMBER
Universal Decimal Classification number 616–884(075.8)
100 ## - MAIN ENTRY--PERSONAL NAME
Personal name ვეფხვაძე, ნინო
245 ## - TITLE STATEMENT
Title პრევენციული მედიცინა
245 ## - TITLE STATEMENT
Remainder of title სახელმძღვანელო უმაღლ. სამედიცინო სასწავლებლის სტუდენტებისა და და მაგისტრებისათვის
245 ## - TITLE STATEMENT
Statement of responsibility, etc. რედ. გელაშვილი კლარა
260 ## - PUBLICATION, DISTRIBUTION, ETC.
Place of publication, distribution, etc. თბილისი
260 ## - PUBLICATION, DISTRIBUTION, ETC.
Name of publisher, distributor, etc. თბილისის სახ. უნივერსიტეტი
260 ## - PUBLICATION, DISTRIBUTION, ETC.
Date of publication, distribution, etc. 2009
300 ## - PHYSICAL DESCRIPTION
Extent 456 გვ.
653 ## - INDEX TERM--UNCONTROLLED
Uncontrolled term პრევენციული მედიცინა
942 ## - ADDED ENTRY ELEMENTS (KOHA)
Koha item type წიგნი
ეგზემპლარები
Withdrawn status Lost status Damaged status Not for loan Date acquired Barcode Date last seen Price effective from Koha item type
        2018-12-17 1324 2018-12-17 2018-12-17 წიგნი